000
00238nam a2200097Ia 4500
001
807592
005
20250826171234.0
008
250824s9999 xx 000 0 und d
245
0
_a
JURNAL 2
_c
CEMİL MERİÇ
260
_b
İLETİŞİM YAYINLARI
999
_c
807592
_d
807592